000 01280nam0a22003011 4500
001 rc\3174227
005 20170503165627.0
021 _aRU
_b[76-53048]
035 _a(NLR Aleph) 007329978
090 _a5999238
_c5999237
100 _a20120615d1976 |||y0rusy50 ca
101 0 _arus
102 _aRU
105 _ay c |||||
200 1 _aУтководство
_eУказ. литературы за 1969-1975 гг.
_fСост. К.Я. Тарасова
_gРед. Т.Г. Манько
_gВсесоюз. акад. с.-х. наук им. В.И. Ленина, Центр. науч. с.-х. б-ка
210 _aМосква
_cЦНСХБ
_d1976
215 _a119 с.
_d20
300 _aНа обл. сост. не указан
606 _aУтководство
_jУказатели литературы
_2psbo
700 1 _aТарасова
_bК. Я.
_cбиблиограф
_f1931-
_gКлавдия Яковлевна
_3RU\NLR\AUTH\770172915
_4220
702 1 _aМанько
_bТ. Г.
_4340
712 0 2 _aЦентральная научная сельскохозяйственная библиотека
_cМосква
_3RU\NLR\AUTH\8814932
801 0 _aRU
_bNLR
_gpsbo
801 1 _aRU
_bELAR
_2rusmarc
852 _aNLR
_jС387-410/Б-83
942 _cBOOK
980 _aNB